NFL Pittsburgh Steelers 2021-2022 Active Roster - Statistics

General Stats
  • This quiz has been taken 78 times
  • The average score is 32 of 66
Answer Stats
Hint Answer % Correct
RB Najee Harris
96%
WR Diontae Johnson
95%
QB Mason Rudolph
95%
QB Ben Roethlisberger
93%
FB Derek Watt
93%
OLB T.J. Watt
93%
ILB Buddy Johnson
91%
WR JuJu Smith-Schuster
89%
WR Chase Claypool
85%
Head Coach Mike Tomlin
84%
DE Cameron Heyward
82%
FS Minkah Fitzpatrick
82%
K Chris Boswell
80%
Special Teams Cord. Danny Smith
80%
RB Benny Snell
78%
TE Pat Freiermuth
73%
TE Eric Ebron
67%
WR James Washington
65%
QB Joshua Dobbs
65%
ILB Devin Bush Jr
64%
OLB Alex Highsmith
62%
QB Dwayne Haskins
62%
TE Zach Gentry
62%
CB Joe Haden
58%
P Pressley Harvin
55%
SS Terrell Edmunds
55%
RB Anthony McFarland Jr
53%
CB Cameron Sutton
51%
C Kendrick Green
51%
Offensive Cord. Matt Canada
49%
WR Ray-Ray McCloud
47%
DE Stephon Tuitt
47%
T Chukwuma Okorafor
44%
CB Ahkello Witherspoon
42%
T Dan Moore
42%
G Kevin Dotson
38%
ILB Robert Spillane
38%
DT Tyson Alualu
38%
WR Cody White
36%
DE Chris Wormley
35%
CB James Pierre
35%
G Trai Turner
35%
FS Tre Norwood
33%
ILB Joe Schobert
31%
RB Kalen Ballage
29%
DE Montravius Adams
29%
TE Kevin Rader
27%
SS Miles Killebrew
27%
T Zach Banner
27%
LS Christian Kuntz
25%
DE Isaiahh Loudermilk
25%
C J.C. Hassenauer
24%
Defensive Cord. Keith Butler
24%
ILB Marcus Allen
24%
T Joe Haeg
22%
G John Leglue
22%
CB Arthur Maulet
20%
OLB Taco Charlton
20%
DE Carlos Davis
16%
OLB Derrek Tuszka
16%
DT Henry Mondeaux
16%
CB Justin Layne
16%
ILB Ulysees Gilbert
16%
G B.J. Finney
15%
ILB Tegray Scales
13%
DT Demarcus Christmas
11%
No matching quizzes found
Score Distribution
Percent of People with Each Score
Percentile by Number Answered
Your Score History
You have not taken this quiz